000 00480nam a2200181Ia 4500
005 20250508162918.0
008 008 250505s9999 xx 000 0 hin d
037 _aTextual
040 _aFEDL
_beng
_cFEDL
041 _ahin
_2eng
084 _aB, MAS
_qFEDL
100 _aMasih Y
245 0 _aHegel aur Braidle ka pretyyavad
260 _aPatna, India
_bBihar Hindi Granth Akademi
_c1974
300 _a379p
942 _cTEXL
_hB, MAS
999 _c1379392
_d1379392